000 00515 a2200169 4500
003 OSt
005 20240823123430.0
008 231019b |||||||| |||| 00| 0 eng d
020 _a9789933362485
040 _coclc
082 _a297
_bMAS/A
100 _aAl-Masiri, Abd al-wahhab
_99774
245 _aAl-Hadathah wa-ma bada al hadathah /
_cDR.Abd al-Wahhab ai-Masiri and DR.Fathin al -Turayki
260 _aDarfikr
_bDarfikr
300 _a368 p
942 _2ddc
_cBK
_h297
_iMAS/A
_k297
_mMAS/A
999 _c42625
_d42625